000 01012nam a22002537a 4500
005 20170123164153.0
010 _aB-065798
020 _c150.00
035 _aB-065798
037 _aCen Lib / Ret
040 _aDPL
_bPN
082 _a260
_bਭੱਲਾਜ
100 _aਭੱਲਾ, ਜਸਬੀਰ ਸਿੰਘ
_9138182
245 _aਸਿੱਖ ਸਿੱਧਾਂਤ ਗੁਰਮਤਿ ਵਿਚਾਰਧਾਰਾ /
_cਜਸਬੀਰ ਸਿੰਘ ਭੱਲਾ
246 _aGurmat vichardhara /
_bby Jasbir Singh Bhalla
260 _aਦਿੱਲੀ
_bਮਨਪ੍ਰੀਤ ਪ੍ਰਕਾਸ਼ਨ
_c2003
270 _a16/16 (1st floor) ਗੀਤਾ ਕਾਲੋਨੀ
_bਦਿੱਲੀ
_e110031
300 _a148p.
_c22cm(Hb)
650 _aਪੰਜਾਬੀ ਸਾਹਿਤ
_9138183
650 _aਪੰਜਾਬੀ -- ਧਰਮ
_91301
650 _aPunjabi - Religious
_9138184
650 _aLiterature - punjabi
_9138185
942 _2ddc
_cPN
_h260
_mਭੱਲਾਜ
999 _c110491
_d110491